000 00322nam a22001337a 4500
999 _c14831
_d14831
020 _a9788185015378
082 _a515.9
_bCON/FU
100 _aConway, John B
_92050
245 _aFunctions of one complex variable
250 _a2nd ed
260 _aNew Delhi
_bNarosa Publishing House
_c2002
300 _a316p
942 _cBK